| 000 | 00835nam a2200265Ia 4500 | ||
|---|---|---|---|
| 003 | OSt | ||
| 005 | 20221006140715.0 | ||
| 006 | a|||||r|||| 00| 0 | ||
| 007 | ta | ||
| 008 | 221006b |||||||| |||| 00| 0 eng d | ||
| 020 |
_a8176482455 _c400 |
||
| 024 | _a435 | ||
| 037 |
_b66292, 13/02/2001, International Book Distributors _cTextual |
||
| 040 |
_aEASL _cEASL _beng |
||
| 041 |
_2eng _aeng |
||
| 082 | _aV41:192.N5, P1 | ||
| 100 |
_aDeepak B R _9606244 |
||
| 245 | 0 |
_aIndia China Relations _bIn the first half of the 20th century |
|
| 260 |
_aNew Delhi _bAPH Publishing Corporation India _c2001 |
||
| 300 |
_a200p. _ccm. |
||
| 490 | _v CEL | ||
| 650 |
_aCEL _9642732 |
||
| 942 |
_hV41:192.N5, P1 _cTEXL _2CC |
||
| 999 |
_c1068522 _d1068522 |
||